Vývoj a štruktúra lízingového trhu na Slovensku bakalárska práca

Na minha lista:
Detalhes bibliográficos
Autor principal: Zsemlyeová, Anikó
Autor Corporativo: Obchodná fakulta EU. Katedra služieb a cestovného ruchu - zrušené
Outros Autores: Benešová, Dana, 1958-
Formato: Livro
Idioma:eslovaco
Publicado em: Bratislava 2011
Tags: Adicionar Tag
Sem tags, seja o primeiro a adicionar uma tag!

MARC

LEADER 00000nbm a2200000 4500
001 0140445
005 20161109111716.9
041 0 |a slo 
044 |a SK 
245 1 0 |a Vývoj a štruktúra lízingového trhu na Slovensku  |b bakalárska práca  |c Anikó Zsemlyeová ; školiteľ: Dana Benešová 
264 1 |a Bratislava  |c 2011 
300 |a 53 s. 
100 1 |a Zsemlyeová, Anikó 
700 1 |a Benešová, Dana, 1958- 
710 2 |a Obchodná fakulta EU. Katedra služieb a cestovného ruchu - zrušené